La escena del crimen (Registro nro. 1372)

Detalles MARC
000 -Cabecera
Campo de control de longitud fija 00683aam a2200277 4500
005 - Fecha y hora de la última transacción
Campo de control 20251103144721.0
008 - Elementos de longitud fija--Información general
Campo de control de longitud fija 150617b2004 xxu||||| |||| 00| 0 spa d
020 ## - International Standard Book Number
Número Internacional Estándar del Libro (ISBN) 9875170607
041 ## - Idioma
Código de idioma Español
082 ## - Clasificación Decimal Dewey
Número de clasificación 363.25 S586e
100 ## - Entrada principal--Autor personal
Nombre personal Silveyra, Jorge Omar
9 (RLIN) 102
245 ## - Título propiamente dicho
Título La escena del crimen
260 ## - Pie de imprenta
Lugar de publicación, distribución, etc. Argentina
260 ## - Pie de imprenta
Nombre del editor, distribuidor, etc. La Rocca
260 ## - Pie de imprenta
Fecha de publicación, distribución, etc. 2004
300 ## - Descripción física
Extensión 239 páginas
490 ## - Serie
Título de la Serie Investigación Criminal
650 ## - Materia general
Temática (materia general) CRIMINALÍSTICA
650 ## - Materia general
Temática (materia general) ESCENA DEL CRIMEN
650 ## - Materia general
Temática (materia general) DOCUMENTOLOGÍA
650 ## - Materia general
Temática (materia general) BALÍSTICA FORENSE
650 ## - Materia general
Temática (materia general) DACTILOSCOPIA
650 ## - Materia general
Temática (materia general) ADN
650 ## - Materia general
Temática (materia general) ELEMENTOS PILOSOS
942 ## - Punto de acceso adicional KOHA
Tipo de ítem KOHA Libro
Fuente del sistema de clasificación o colocación Dewey Decimal Classification
Existencias
Signatura completa Código de barras Programa Académico Tipo de ítem
363.25 S586e 618 Investigación Criminal Libro
363.25 S586e 12799 Investigación Criminal Libro
363.25 S586e 10963 Investigación Criminal Libro